[Event "Dutch Open 2015"]
[Site "Dieren NED"]
[Date "2015.07.21"]
[Round "1.1"]
[White "L'Ami, Erwin"]
[Black "Patil, Pratik"]
[Result "1-0"]
[WhiteTitle "GM"]
[WhiteElo "2628"]
[BlackElo "2181"]
[WhiteFideId "1007998"]
[BlackFideId "5038758"]
[EventDate "2015.07.21"]

1. d4 Nf6 2. c4 g6 3. Nc3 d5 4. cxd5 Nxd5 5. e4 Nxc3 6. bxc3 Bg7 7. Bc4 c5 8.
Ne2 Nc6 9. Be3 O-O 10. O-O e6 11. dxc5 Qa5 12. f4 Rd8 13. Qb3 Bf8 14. f5 Bxc5
15. Nd4 Nxd4 16. cxd4 Bxd4 17. Bxd4 Rxd4 18. fxe6 Qc5 19. exf7+ Kf8 20. Kh1 Rxc4
21. Qb2 1-0

[Event "Dutch Open 2015"]
[Site "Dieren NED"]
[Date "2015.07.21"]
[Round "1.2"]
[White "Schouten, Nico"]
[Black "Reinderman, Dimitri"]
[Result "0-1"]
[WhiteTitle "IM"]
[BlackTitle "GM"]
[WhiteElo "2179"]
[BlackElo "2584"]
[WhiteFideId "1001108"]
[BlackFideId "1001302"]
[EventDate "2015.07.21"]

1. d4 f5 2. c4 Nf6 3. Nc3 d6 4. Nf3 c6 5. e3 Qc7 6. b3 e5 7. Bb2 e4 8. Nd2 d5 9.
g3 Be6 10. Be2 Nbd7 11. Qc2 Be7 12. a3 Kf7 13. b4 h5 14. O-O-O h4 15. Kb1 Nb6
16. Na4 Nxa4 17. Qxa4 Ng4 18. Bxg4 fxg4 19. cxd5 cxd5 20. Rc1 Qd7 21. Qxd7 Bxd7
22. Nb3 b6 23. Rc7 Ke6 24. Rd1 Bd6 25. Rc2 Bb5 26. Rcd2 Raf8 27. gxh4 Rxh4 28.
Rg1 Kf5 29. Bc3 Rxh2 30. Rb2 Rfh8 31. Nc1 g5 32. Rd2 R8h3 33. Rb2 Rh1 34. Rxh1
Rxh1 35. a4 Bxa4 36. b5 Ba3 0-1

[Event "Dutch Open 2015"]
[Site "Dieren NED"]
[Date "2015.07.21"]
[Round "1.3"]
[White "Moradiabadi, Elshan"]
[Black "Yogesh, Gautam"]
[Result "1-0"]
[WhiteTitle "GM"]
[WhiteElo "2567"]
[BlackElo "2178"]
[WhiteFideId "12501255"]
[BlackFideId "5009324"]
[EventDate "2015.07.21"]

1. Nf3 d5 2. d4 Nf6 3. c4 e6 4. Nc3 Be7 5. Bf4 O-O 6. a3 b6 7. e3 c5 8. dxc5
bxc5 9. Be2 Nc6 10. O-O Bb7 11. cxd5 exd5 12. Rc1 Rc8 13. Qb3 Na5 14. Qa4 Bc6
15. Qc2 d4 16. Rfd1 Qb6 17. exd4 Bxf3 18. dxc5 Bxc5 19. Bxf3 Nb3 20. Rb1 Nd4 21.
Qd3 Rfd8 22. Na4 Nxf3+ 23. Qxf3 Qa5 24. Nxc5 Qxc5 25. Rbc1 Qf5 26. Rxd8+ Rxd8
27. h3 Nd5 28. Rd1 g5 29. Be3 1-0

[Event "Dutch Open 2015"]
[Site "Dieren NED"]
[Date "2015.07.21"]
[Round "1.4"]
[White "Mellema, Andries"]
[Black "Ikonnikov, Vyacheslav"]
[Result "0-1"]
[BlackTitle "GM"]
[WhiteElo "2171"]
[BlackElo "2527"]
[WhiteFideId "1011464"]
[BlackFideId "4100972"]
[EventDate "2015.07.21"]

1. b3 Nf6 2. Bb2 d6 3. f4 g6 4. e3 Bg7 5. Nf3 O-O 6. Bc4 c5 7. O-O d5 8. Be2 Nc6
9. Ne5 Bd7 10. Bf3 Qc7 11. Nxc6 Bxc6 12. Be5 Qd7 13. d3 Rfd8 14. Nd2 Bf8 15. Qe2
Ne8 16. e4 f6 17. exd5 Bxd5 18. Bb2 Ng7 19. Bxd5+ Qxd5 20. Ne4 Qc6 21. Rad1 Rd7
22. Qf2 Rc8 23. Kh1 Nf5 24. Rfe1 Bg7 25. Ng3 Qd5 26. Nxf5 Qxf5 27. Rd2 Rc6 28.
Rde2 e6 29. Qf3 h5 30. a4 Kf7 31. g3 Rcd6 32. Kg2 b6 33. Qe4 Qxe4+ 34. dxe4 c4
35. Kf3 Rc6 36. Ke3 Bf8 37. Bd4 cxb3 38. cxb3 Bb4 39. Rb1 Rcd6 40. Ba1 Bc5+ 41.
Kf3 Rd3+ 42. Kg2 a5 43. Kh3 Rf3 44. Rc2 Rdd3 45. b4 axb4 46. a5 b3 47. Rc4 Rf2
48. Bc3 g5 49. fxg5 fxg5 50. Rxc5 bxc5 51. Rxb3 g4+ 52. Kh4 Kg6 0-1

[Event "Dutch Open 2015"]
[Site "Dieren NED"]
[Date "2015.07.21"]
[Round "1.5"]
[White "Haslinger, Stewart G"]
[Black "Evengroen, Henk-Jan"]
[Result "1-0"]
[WhiteTitle "GM"]
[WhiteElo "2526"]
[BlackElo "2163"]
[WhiteFideId "405248"]
[BlackFideId "1019252"]
[EventDate "2015.07.21"]

1. e4 e5 2. Nf3 Nc6 3. Bc4 Nf6 4. d3 Be7 5. O-O O-O 6. Re1 d6 7. a4 Bg4 8. h3
Bh5 9. c3 Qd7 10. Nbd2 Rad8 11. a5 Nb8 12. Nf1 b5 13. axb6 axb6 14. Bg5 b5 15.
Bb3 Nd5 16. g4 Bxg4 17. hxg4 Qxg4+ 18. Ng3 Nxc3 19. Qd2 Bxg5 20. Qxg5 Qxf3 21.
Nf5 g6 22. bxc3 Qf4 23. Bxf7+ Rxf7 24. Nh6+ Kg7 25. Nxf7 1-0

[Event "Dutch Open 2015"]
[Site "Dieren NED"]
[Date "2015.07.21"]
[Round "1.6"]
[White "Brandenburg, Daan"]
[Black "Van Foreest, Jorden"]
[Result "1/2-1/2"]
[WhiteTitle "GM"]
[BlackTitle "IM"]
[WhiteElo "2511"]
[BlackElo "2514"]
[WhiteFideId "1011014"]
[BlackFideId "1039784"]
[EventDate "2015.07.21"]

1. e4 e5 2. Nf3 Nc6 3. Bc4 Bc5 4. c3 Nf6 5. d3 O-O 6. O-O d5 7. exd5 Nxd5 8. h3
Bf5 9. Bb3 Qd6 10. d4 exd4 11. Nxd4 Nxd4 12. cxd4 Bb6 13. Qf3 Be6 14. Nc3 Nb4
15. d5 Bd7 16. Bf4 Qg6 17. Rad1 Rfe8 18. Qg3 Na6 19. Qxg6 hxg6 20. Rfe1 Nc5 21.
Bc2 Bf5 22. Rxe8+ Rxe8 23. Bxf5 gxf5 24. Be3 Ne4 25. Nxe4 Bxe3 26. Nf6+ gxf6 27.
fxe3 Rxe3 28. Kf2 Re5 29. d6 cxd6 30. Rxd6 Rc5 31. Rd2 1/2-1/2

[Event "Dutch Open 2015"]
[Site "Dieren NED"]
[Date "2015.07.21"]
[Round "1.7"]
[White "Bus, Tom"]
[Black "Yankelevich, Lev"]
[Result "1-0"]
[WhiteElo "2153"]
[BlackElo "2420"]
[WhiteFideId "1014374"]
[BlackFideId "24684074"]
[EventDate "2015.07.21"]

1. e4 c5 2. Nf3 d6 3. d4 cxd4 4. Nxd4 Nf6 5. Nc3 a6 6. Bg5 Nbd7 7. Qe2 h6 8. Bh4
g6 9. f4 e5 10. fxe5 dxe5 11. O-O-O Qc7 12. Nb3 b5 13. Qf3 Bg7 14. Bxb5 axb5 15.
Nxb5 Qc6 16. Nd6+ Kf8 17. Rhf1 Kg8 18. Kb1 Ba6 19. Rf2 Kh7 20. g4 Rhf8 21. g5
hxg5 22. Bxg5 Nh5 23. Qh3 f6 24. Be3 Rad8 25. Nf5 Nc5 26. Rg1 Nxb3 27. axb3 Qxe4
28. Bc1 Bc8 29. Rxg6 Kxg6 30. Rg2+ Qxg2 31. Qxg2+ Kxf5 32. h3 Rd4 33. c3 Rf4 34.
Bxf4 Kxf4 35. Kc1 Kf5 36. Qg4# 1-0

[Event "Dutch Open 2015"]
[Site "Dieren NED"]
[Date "2015.07.21"]
[Round "1.8"]
[White "Goudriaan, Etienne"]
[Black "Buckels, Valentin"]
[Result "1/2-1/2"]
[WhiteTitle "IM"]
[WhiteElo "2376"]
[BlackElo "2152"]
[WhiteFideId "1021150"]
[BlackFideId "12942766"]
[EventDate "2015.07.21"]

1. c4 e5 2. Nc3 Nc6 3. g3 f5 4. Bg2 Nf6 5. e3 d5 6. cxd5 Nb4 7. d3 Nbxd5 8. Nxd5
Nxd5 9. Nf3 Bd6 10. O-O Nf6 11. e4 fxe4 12. dxe4 O-O 13. Nh4 Be6 14. Nf5 Qd7 15.
b3 Bxf5 16. exf5 Qxf5 17. Bxb7 Rad8 18. Qe2 e4 19. f3 Qh3 20. Be3 Rde8 21. fxe4
Bxg3 22. hxg3 Qxg3+ 23. Kh1 Qh3+ 24. Kg1 1/2-1/2

[Event "Dutch Open 2015"]
[Site "Dieren NED"]
[Date "2015.07.21"]
[Round "1.9"]
[White "De Wilde, Rik"]
[Black "Beukema, Stefan"]
[Result "0-1"]
[BlackTitle "FM"]
[WhiteElo "2144"]
[BlackElo "2363"]
[WhiteFideId "1024337"]
[BlackFideId "1024523"]
[EventDate "2015.07.21"]

1. e4 e5 2. Nf3 Nc6 3. Bc4 Bc5 4. c3 Nf6 5. d3 d6 6. Nbd2 a6 7. Bb3 Be6 8. Nf1
Ba7 9. Ng3 Qd7 10. O-O h6 11. Be3 Bxe3 12. fxe3 d5 13. exd5 Nxd5 14. Bxd5 Qxd5
15. d4 O-O-O 16. Qc2 exd4 17. exd4 g5 18. Qe4 Qb5 19. b3 Rhe8 20. Qh7 g4 21. Nh4
h5 22. Rad1 Ne7 23. Qh6 Qa5 24. Ne4 Qxa2 25. Nc5 Nd5 26. Rd2 Qa5 27. Qxh5 Qxc3
28. Nxe6 Qxd2 29. Nxd8 Qxd4+ 30. Kh1 Rxd8 31. Qxf7 Kb8 32. Qe6 Ne3 33. Nf5 Nxf5
34. Qxf5 g3 35. h3 Qc3 36. Qg5 Re8 0-1

[Event "Dutch Open 2015"]
[Site "Dieren NED"]
[Date "2015.07.21"]
[Round "1.10"]
[White "Miedema, David"]
[Black "Van der Werve, Paul"]
[Result "1-0"]
[WhiteTitle "IM"]
[WhiteElo "2356"]
[BlackElo "2143"]
[WhiteFideId "1018477"]
[BlackFideId "1050168"]
[EventDate "2015.07.21"]

1. d4 Nf6 2. c4 g6 3. f3 Bg7 4. e4 d6 5. Nc3 O-O 6. Be3 e5 7. Nge2 exd4 8. Nxd4
Nc6 9. Be2 Nxd4 10. Bxd4 Nh5 11. Bxg7 Qh4+ 12. g3 Nxg3 13. Bf6 Qh3 14. Nd5 h5
15. Nf4 1-0

[Event "Dutch Open 2015"]
[Site "Dieren NED"]
[Date "2015.07.21"]
[Round "1.11"]
[White "Go, Benjamin"]
[Black "Zwirs, Nico"]
[Result "1/2-1/2"]
[WhiteElo "2141"]
[BlackElo "2346"]
[WhiteFideId "1014560"]
[BlackFideId "1036432"]
[EventDate "2015.07.21"]

1. e4 e6 2. Nf3 c5 3. b4 cxb4 4. a3 bxa3 5. Nxa3 Nf6 6. e5 Ne4 7. Bd3 d5 8. exd6
Nxd6 9. Bb2 Nd7 10. O-O Nf6 11. Ne5 Be7 12. c4 O-O 13. Qf3 Nf5 14. Nb5 a6 15.
Bc3 Bd7 16. Bxf5 exf5 17. Nd4 Ne4 18. Nxd7 Qxd7 19. Nxf5 Nf6 20. Nxe7+ Qxe7 21.
Rfe1 Qd7 22. Bxf6 gxf6 23. Qxf6 Rfe8 24. Qg5+ Kf8 25. Qh6+ Kg8 26. Qg5+ Kf8 27.
h4 Qd4 28. Rab1 Qxc4 29. Qh6+ Kg8 30. Qg5+ Kf8 31. Rxe8+ Rxe8 32. Rxb7 Qe4 33.
Qh6+ Kg8 34. Rb3 Re6 35. Rb8+ Re8 36. Qg5+ Kf8 37. Qc5+ Kg8 38. Qg5+ Kf8 39.
Qh6+ Kg8 40. Rxe8+ Qxe8 41. Qxa6 Qe1+ 42. Kh2 Qxd2 43. Qc8+ Kg7 44. Qg4+ Kf8 45.
Qf5 Qd6+ 46. Kh3 h6 47. Qc8+ Ke7 48. Qc3 Kf8 49. Qh8+ Ke7 50. Qg7 Qf4 51. Qg3
Qf5+ 52. Kh2 Kf8 53. f3 Qf6 54. Qg4 Qa1 55. Qf4 Kg7 56. g4 Qe1 57. g5 h5 58.
Qd4+ Kg8 59. Kg2 Qe2+ 60. Qf2 Qd1 61. Kh2 Qd6+ 62. f4 Qd1 63. Qg2 Qe1 64. Kh3
Qe6+ 65. Kh2 Qe1 66. Qg3 Qe2+ 67. Kg1 Qd1+ 68. Kg2 Qe2+ 69. Qf2 Qg4+ 70. Kh2 Qd1
71. f5 Qg4 72. f6 Qe4 73. Kg1 Qg4+ 74. Kf1 Qd1+ 75. Qe1 Qf3+ 76. Kg1 Qg4+ 77.
Kh2 1/2-1/2

[Event "Dutch Open 2015"]
[Site "Dieren NED"]
[Date "2015.07.21"]
[Round "1.12"]
[White "Lecomte, Robin"]
[Black "Van Helvoort, Rob"]
[Result "0-1"]
[WhiteElo "2331"]
[BlackElo "2130"]
[WhiteFideId "1037170"]
[BlackFideId "1005596"]
[EventDate "2015.07.21"]

1. e4 d6 2. d4 Nf6 3. Nc3 e5 4. Nf3 Nbd7 5. Bc4 Be7 6. O-O O-O 7. h3 c6 8. a4 a5
9. Be3 Nxe4 10. Nxe4 d5 11. Nxe5 dxc4 12. Qe2 Nb6 13. Nxc4 Nxc4 14. Qxc4 b5 15.
Qxc6 Ra6 16. Qxb5 Rg6 17. Kh1 Ba6 18. Qf5 Bxf1 19. Rxf1 Re6 20. Nc5 Bxc5 21.
Qxc5 Rd6 22. c4 f5 23. Bg5 Qd7 24. d5 f4 25. Qd4 f3 26. Bf4 Rg6 27. Bg3 Rh6 28.
h4 g5 29. Qe3 Qg4 30. Kg1 Rg6 31. gxf3 Rxf3 32. Qe8+ Rf8 33. Qe5 gxh4 34. Rc1
hxg3 35. fxg3 Qf3 0-1

[Event "Dutch Open 2015"]
[Site "Dieren NED"]
[Date "2015.07.21"]
[Round "1.13"]
[White "Evengroen, Jan"]
[Black "Beerdsen, Thomas"]
[Result "0-1"]
[BlackTitle "FM"]
[WhiteElo "2123"]
[BlackElo "2317"]
[WhiteFideId "1024353"]
[BlackFideId "1030108"]
[EventDate "2015.07.21"]

1. e4 c5 2. Nf3 d6 3. d4 cxd4 4. Nxd4 Nf6 5. Nc3 a6 6. Be3 e6 7. f3 b5 8. Qd2 b4
9. Nce2 e5 10. Nb3 Nc6 11. g4 d5 12. g5 d4 13. Bxd4 Nxe4 14. fxe4 exd4 15. O-O-O
d3 16. Qxd3 Qxg5+ 17. Kb1 Be7 18. Rg1 Qh6 19. Nbd4 Nxd4 20. Qxd4 O-O 21. Nf4 Bb7
22. Bc4 Rad8 23. Nd5 Bxd5 24. Bxd5 Kh8 25. Qc4 Qd6 26. Rdf1 Bf6 27. Qb3 a5 28.
Qg3 Be5 29. Qg5 a4 30. Rf5 g6 31. Rff1 a3 32. h4 Bxb2 33. h5 Bg7 34. hxg6 fxg6
35. Rxf8+ Rxf8 36. Rh1 Qc5 37. Qh4 h6 38. Qg5 Rf1+ 39. Rxf1 hxg5 40. Rh1+ Bh6
41. Rxh6+ Kg7 42. Rh1 Qc3 0-1

[Event "Dutch Open 2015"]
[Site "Dieren NED"]
[Date "2015.07.21"]
[Round "1.14"]
[White "Vereggen, Lars"]
[Black "Bhattacharjee, Sourav"]
[Result "1-0"]
[WhiteTitle "FM"]
[WhiteElo "2314"]
[BlackElo "2119"]
[WhiteFideId "1029258"]
[BlackFideId "1048090"]
[EventDate "2015.07.21"]

1. d4 d5 2. Nf3 Nf6 3. g3 g6 4. Bg2 Bg7 5. O-O O-O 6. c4 c6 7. Nc3 Ne4 8. Qb3
Nxc3 9. bxc3 dxc4 10. Qxc4 Nd7 11. a4 e5 12. Rd1 Nb6 13. Qd3 exd4 14. cxd4 a5
15. Bg5 f6 16. Bd2 Be6 17. Rdc1 Rf7 18. e3 Bf8 19. h4 Bb4 20. h5 Rg7 21. hxg6
hxg6 22. Bxb4 axb4 23. a5 Nd5 24. a6 Qb6 25. axb7 Rxa1 26. Rxa1 Qxb7 27. Nd2 Nc3
28. Ne4 Nxe4 29. Qxe4 Bd5 30. Qe8+ Kh7 31. Bxd5 cxd5 32. Ra8 Kh6 33. Qe6 Rh7 34.
Rg8 Qd7 35. Qxf6 Qg4 36. Rh8 Qd1+ 37. Kg2 Rxh8 38. Qxh8+ Kg5 39. f4+ Kf5 40.
Qe5+ Kg4 41. Qg5# 1-0

[Event "Dutch Open 2015"]
[Site "Dieren NED"]
[Date "2015.07.21"]
[Round "1.15"]
[White "Boersma, Jan"]
[Black "Harff, Marcel"]
[Result "1/2-1/2"]
[BlackTitle "FM"]
[WhiteElo "2119"]
[BlackElo "2313"]
[WhiteFideId "1003267"]
[BlackFideId "24621382"]
[EventDate "2015.07.21"]

1. e4 e6 2. d4 d5 3. Nc3 Bb4 4. Ne2 dxe4 5. a3 Be7 6. Nxe4 Nf6 7. Qd3 Nbd7 8.
Bf4 Nxe4 9. Qxe4 Nf6 10. Qf3 Nd5 11. Be5 f6 12. Bg3 c5 13. O-O-O c4 14. Nf4 Nxf4
15. Bxf4 Qd5 16. Be2 Qxf3 17. Bxf3 g5 18. Bh5+ Kd7 19. Be3 f5 20. g3 Kc7 21. h4
g4 22. Rhe1 a5 23. Bf4+ Bd6 24. d5 Bxf4+ 25. gxf4 Ra6 26. Bf7 exd5 27. Bxd5 c3
28. bxc3 Rh6 29. Re7+ 1/2-1/2

[Event "Dutch Open 2015"]
[Site "Dieren NED"]
[Date "2015.07.21"]
[Round "1.16"]
[White "Kolbus, Dietmar"]
[Black "Bakker, Guido"]
[Result "1/2-1/2"]
[WhiteTitle "IM"]
[WhiteElo "2309"]
[BlackElo "2117"]
[WhiteFideId "4610628"]
[BlackFideId "1027875"]
[EventDate "2015.07.21"]

1. c4 Nf6 2. Nc3 g6 3. e4 d6 4. d4 Bg7 5. Bd3 O-O 6. Nge2 Nc6 7. f3 Nd7 8. Be3
e5 9. d5 Nd4 10. Nb5 c6 11. Nbxd4 exd4 12. Nxd4 Ne5 13. Be2 c5 14. Nb3 f5 15.
Nd2 f4 16. Bf2 Qg5 17. g4 Qf6 18. h3 Bd7 19. Qc2 a6 20. Rb1 b5 21. Rg1 g5 22.
Rh1 Rfb8 23. b3 b4 24. a4 a5 25. Bd3 1/2-1/2

[Event "Dutch Open 2015"]
[Site "Dieren NED"]
[Date "2015.07.21"]
[Round "1.17"]
[White "Lentjes, Noud"]
[Black "Hamblok, Roel"]
[Result "1-0"]
[BlackTitle "FM"]
[WhiteElo "2116"]
[BlackElo "2305"]
[WhiteFideId "1029827"]
[BlackFideId "209317"]
[EventDate "2015.07.21"]

1. e4 e5 2. Nf3 Nc6 3. Bc4 Bc5 4. c3 Nf6 5. b4 Bb6 6. d3 d6 7. O-O Be6 8. Nbd2
O-O 9. Bb2 a6 10. Qc2 Qd7 11. a3 Rad8 12. Bb3 Ba7 13. Rad1 h6 14. Ba4 b5 15. Bb3
Rfe8 16. a4 Bb6 17. Rfe1 Nh5 18. d4 Bxb3 19. Qxb3 Nf4 20. Nf1 Qg4 21. Ng3 h5 22.
axb5 axb5 23. Bc1 h4 24. Bxf4 Qxf4 25. Nf5 h3 26. Re3 exd4 27. N3xd4 Nxd4 28.
cxd4 d5 29. Rg3 Qxe4 30. Ne3 hxg2 31. Rxg2 Bxd4 32. Rg4 Qf3 33. Rdxd4 c6 34. Qc3
g6 35. Rg3 Qf6 36. Ng4 Qg7 37. Qd2 Re2 38. Qxe2 Qxd4 39. Qe7 1-0

[Event "Dutch Open 2015"]
[Site "Dieren NED"]
[Date "2015.07.21"]
[Round "1.18"]
[White "Van Foreest, Lucas"]
[Black "Van Meegen, Ruud"]
[Result "1-0"]
[WhiteElo "2294"]
[BlackElo "2113"]
[WhiteFideId "1039792"]
[BlackFideId "1034995"]
[EventDate "2015.07.21"]

1. e4 c5 2. Nf3 g6 3. Bc4 Bg7 4. O-O Nc6 5. c3 Nf6 6. e5 Ng4 7. d4 cxd4 8. cxd4
d5 9. Bb3 O-O 10. Nc3 e6 11. h3 Nh6 12. Bg5 Qb6 13. Qd2 Nf5 14. Rad1 f6 15. exf6
Bxf6 16. Bxf6 Rxf6 17. Rfe1 Bd7 18. Ba4 Raf8 19. Bxc6 Bxc6 20. Ne5 Nd6 21. Ng4
Rf4 22. Qe3 Bd7 23. b3 Qc7 24. Ne2 Re4 25. Qg5 Bb5 26. Ng3 Rxe1+ 27. Rxe1 Qg7
28. Rxe6 Nf5 29. Nxf5 gxf5 30. Nf6+ Kh8 31. Qf4 Bd7 32. Rd6 Re8 33. Qh4 Be6 34.
Rxe6 1-0

[Event "Dutch Open 2015"]
[Site "Dieren NED"]
[Date "2015.07.22"]
[Round "2.1"]
[White "Van Osch, Mees"]
[Black "L'Ami, Erwin"]
[Result "0-1"]
[BlackTitle "GM"]
[WhiteElo "2264"]
[BlackElo "2628"]
[WhiteFideId "1035967"]
[BlackFideId "1007998"]
[EventDate "2015.07.21"]

1. e4 e5 2. Nf3 Nc6 3. Bc4 Bc5 4. c3 Nf6 5. d4 exd4 6. cxd4 Bb4+ 7. Bd2 Bxd2+ 8.
Nbxd2 d5 9. exd5 Nxd5 10. Qb3 Nce7 11. O-O O-O 12. Rfe1 Nb6 13. Bd3 Ng6 14. Ne4
Be6 15. Qc2 Bd5 16. Neg5 c6 17. g3 Qf6 18. Bxg6 fxg6 19. Re3 Nc4 20. Rc3 Nd6 21.
Re1 h6 22. Ne4 Nxe4 23. Rxe4 Qf5 0-1

[Event "Dutch Open 2015"]
[Site "Dieren NED"]
[Date "2015.07.22"]
[Round "2.2"]
[White "Reinderman, Dimitri"]
[Black "Maris, Ivo"]
[Result "1-0"]
[WhiteTitle "GM"]
[WhiteElo "2584"]
[BlackElo "2262"]
[WhiteFideId "1001302"]
[BlackFideId "1028146"]
[EventDate "2015.07.21"]

1. c4 g6 2. Nc3 Bg7 3. d4 Nf6 4. e4 d6 5. Bd3 O-O 6. Nge2 c5 7. d5 e6 8. O-O
exd5 9. exd5 Ng4 10. b3 Re8 11. Bf4 g5 12. Bd2 f5 13. Qc2 Qf6 14. f4 gxf4 15.
Rxf4 Bh6 16. Raf1 Bxf4 17. Rxf4 Rf8 18. Ng3 Nh6 19. h3 Nd7 20. Nxf5 Nxf5 21.
Bxf5 Qe7 22. Rg4+ Kh8 23. Bh6 Qe1+ 24. Kh2 Qe5+ 25. g3 Rg8 26. Rxg8+ Kxg8 27.
Bxh7+ Kh8 28. Bf4 Qg7 29. Be4 Ne5 30. Nb5 Bd7 31. Nxd6 Rf8 32. Qe2 Ng4+ 33. hxg4
Bxg4 34. Qd2 Qf6 35. Bg2 Kg7 36. Ne4 Rh8+ 37. Kg1 Qa1+ 38. Qc1 Qd4+ 39. Be3 Qe5
40. Bxc5 Bf5 41. Qg5+ Kf7 42. Nd6+ 1-0

[Event "Dutch Open 2015"]
[Site "Dieren NED"]
[Date "2015.07.22"]
[Round "2.3"]
[White "Beeke, Bob"]
[Black "Moradiabadi, Elshan"]
[Result "1/2-1/2"]
[BlackTitle "GM"]
[WhiteElo "2247"]
[BlackElo "2567"]
[WhiteFideId "1011634"]
[BlackFideId "12501255"]
[EventDate "2015.07.21"]

1. d4 Nf6 2. c4 e6 3. Nf3 d5 4. Nc3 Bb4 5. e3 O-O 6. Bd3 b6 7. O-O dxc4 8. Bxc4
Bb7 9. Qe2 Nbd7 10. Rd1 a6 11. Bd2 b5 12. Bd3 c5 13. Be1 cxd4 14. Nxd4 Bc5 15.
Nb3 Bb6 16. a4 b4 17. Nb1 a5 18. N1d2 Qb8 19. Nc4 Bc7 20. h3 Ne5 21. Nxe5 Bxe5
22. Nc5 Bd5 23. Rac1 Rc8 24. e4 Bc6 25. b3 g6 26. Bd2 Be8 27. Be3 Bc3 28. Ba6
Rd8 29. Rxd8 Qxd8 30. Bb7 Rb8 31. Qa6 Qc7 32. Rd1 Nd7 33. Nxd7 Bxd7 34. Ba8 Kg7
35. g3 h5 36. h4 Be8 37. Bf4 e5 38. Be3 Bd7 39. Bd5 Bg4 40. Rc1 1/2-1/2

[Event "Dutch Open 2015"]
[Site "Dieren NED"]
[Date "2015.07.22"]
[Round "2.4"]
[White "Ikonnikov, Vyacheslav"]
[Black "Schoppen, Casper"]
[Result "1-0"]
[WhiteTitle "GM"]
[WhiteElo "2527"]
[BlackElo "2215"]
[WhiteFideId "4100972"]
[BlackFideId "1046730"]
[EventDate "2015.07.21"]

1. d4 Nf6 2. Nf3 e6 3. c4 b6 4. g3 Ba6 5. Nbd2 Bb4 6. Qc2 Bb7 7. Bg2 Be4 8. Qb3
Bxd2+ 9. Bxd2 O-O 10. O-O d6 11. Qe3 Nbd7 12. Bc3 a5 13. Rfd1 Qe7 14. Rac1 Rfe8
15. Bh3 Bb7 16. b3 a4 17. b4 b5 18. cxb5 Nb6 19. Nd2 a3 20. Qd3 Na4 21. e4 d5
22. e5 Ne4 23. Nxe4 dxe4 24. Qe2 Bd5 25. Bg2 Rab8 26. Bxe4 Bxe4 27. Qxe4 Rxb5
28. d5 exd5 29. Rxd5 Nxc3 30. Rxc3 Rxb4 31. Qf3 Ra4 32. Rdc5 Ra7 33. Qe3 Rea8
34. Rc6 h6 35. e6 fxe6 36. Rxe6 Qf7 37. Rc2 Rb7 38. Qe4 Rb1+ 39. Kg2 Rf8 40. Re7
Qf6 41. Rexc7 Rb2 42. f4 Rfb8 43. Kh3 Rxc2 44. Rxc2 Qf7 45. Qd3 Qe6+ 46. f5 Qf6
47. Qd5+ Kh7 48. Rc6 Rd8 49. Qe4 Rd4 50. Rxf6 Rxe4 51. Ra6 Re3 52. Ra7 Kg8 53.
Kg4 Rc3 54. Kh5 Rc5 55. g4 Rc3 56. h4 Rc5 57. Rxa3 Kh7 58. Ra6 Rd5 59. a4 Rc5
60. Ra7 Rd5 61. a5 Rc5 62. a6 Ra5 63. g5 hxg5 64. hxg5 Rxf5 65. Rb7 Ra5 66. a7
Ra6 67. g6+ Rxg6 68. a8=Q Rg5+ 69. Kh4 1-0

[Event "Dutch Open 2015"]
[Site "Dieren NED"]
[Date "2015.07.22"]
[Round "2.5"]
[White "Kollen, Zyon"]
[Black "Haslinger, Stewart G"]
[Result "1-0"]
[BlackTitle "GM"]
[WhiteElo "2220"]
[BlackElo "2526"]
[WhiteFideId "1024256"]
[BlackFideId "405248"]
[EventDate "2015.07.21"]

1. e4 e5 2. Nf3 Nc6 3. Bb5 a6 4. Bxc6 dxc6 5. O-O f6 6. d4 Bg4 7. dxe5 Qxd1 8.
Rxd1 fxe5 9. Rd3 Bd6 10. Bg5 h6 11. Bh4 g5 12. Bg3 Bxf3 13. Rxf3 Ke7 14. Nd2 Nf6
15. Nc4 Ke6 16. Re1 b5 17. Nd2 a5 18. Nf1 Rad8 19. Rd3 c5 20. f3 c4 21. Rd2 a4
22. Red1 a3 23. b3 Rb8 24. Ne3 Bb4 25. Re2 Rhd8 26. Rxd8 Rxd8 27. Kf1 cxb3 28.
cxb3 Rd3 29. Be1 Bc5 30. Nc2 Rd1 31. b4 Be7 32. Re3 c5 33. Rxa3 Rc1 34. Rc3 cxb4
35. Nd4+ exd4 36. Rxc1 g4 37. Rc6+ Kd7 38. Rb6 gxf3 39. gxf3 Kc7 40. Rxb5 Kc6
41. Re5 Kd7 42. Bh4 Ng8 43. Rd5+ Kc6 44. Bxe7 Nxe7 45. Rxd4 Kc5 46. Rd7 Nc6 47.
Rc7 Kb5 48. Rxc6 Kxc6 49. e5 1-0

[Event "Dutch Open 2015"]
[Site "Dieren NED"]
[Date "2015.07.22"]
[Round "2.6"]
[White "Beukema, Stefan"]
[Black "Mueer, Sebastian"]
[Result "1-0"]
[WhiteTitle "FM"]
[WhiteElo "2363"]
[BlackElo "2210"]
[WhiteFideId "1024523"]
[BlackFideId "24622001"]
[EventDate "2015.07.21"]

1. e4 e6 2. d4 d5 3. Nd2 Nc6 4. c3 e5 5. exd5 Qxd5 6. Ngf3 exd4 7. Bc4 Qd8 8.
O-O Be7 9. Ne4 Nf6 10. Nxf6+ Bxf6 11. Re1+ Be7 12. Ng5 O-O 13. Qh5 Bxg5 14. Bxg5
Qd6 15. cxd4 Qxd4 16. Qxf7+ 1-0

[Event "Dutch Open 2015"]
[Site "Dieren NED"]
[Date "2015.07.22"]
[Round "2.7"]
[White "Foisor, Sabina-Francesca"]
[Black "Miedema, David"]
[Result "1/2-1/2"]
[WhiteTitle "WGM"]
[BlackTitle "IM"]
[WhiteElo "2202"]
[BlackElo "2356"]
[WhiteFideId "1212915"]
[BlackFideId "1018477"]
[EventDate "2015.07.21"]

1. d4 Nf6 2. c4 g6 3. Nc3 Bg7 4. e4 d6 5. Nf3 O-O 6. Be2 e5 7. d5 a5 8. Bg5 Qe8
9. b3 Nxe4 10. Nxe4 f5 11. Nfd2 h6 12. Be3 fxe4 13. Nxe4 Bf5 14. Bd3 Na6 15. Rb1
Nb4 16. a3 Nxd3+ 17. Qxd3 g5 18. f3 g4 19. Kd2 Qg6 20. h3 gxf3 21. gxf3 Qh5 22.
Rbg1 Bh7 23. Rg4 Kh8 24. Qe2 Qf5 25. Rhg1 Rf7 26. Qg2 Qd7 27. Qg3 Qe7 28. Ke2
Raf8 29. Qg2 Rb8 30. a4 Rd8 31. Qg3 Qf8 32. Qh4 Bxe4 33. fxe4 Rdd7 34. Rg6 b6
35. Bxh6 Bxh6 36. Qxh6+ Qxh6 37. Rxh6+ Rh7 38. Rxh7+ Rxh7 39. Rg3 Rh4 40. Ke3
Kh7 41. Kf3 Rf4+ 42. Ke3 Rh4 43. Kf3 Rf4+ 1/2-1/2